000 00702nam a2200253Ia 4500
003 OSt
005 20220918183158.0
006 a|||||r|||| 00| 0
007 ta
008 220917b |||||||| |||| 00| 0 eng d
024 _a36,596
037 _cTextual
040 _aARTS
_cARTS
_beng
041 _2eng
_aeng
082 _aO122,3N13,21:g, 111M8
100 _aMcCarthy Patrick
_962188
245 0 _aAlbert Camus
_b the stranger
260 _aCambridge
_bCUP
_c1988
300 _aix,109p.
_ccm.
490 _aLandmarks of world literature
650 _aENGLISH LITERATURE
942 _hO122,3N13,21:g, 111M8
_cTEXL
_2CC
999 _c171770
_d171770